[Event "AGAH II"]
[Site "SchemingMind.com"]
[Date "2022.11.08"]
[Round "-"]
[White "Robert Bruce"]
[Black "Helga1946"]
[Result "0-1"]
[WhiteCountry "SCO"]
[BlackCountry "GER"]
[WhiteElo "2322"]
[WhiteRD "69"]
[BlackElo "2452"]
[BlackRD "72"]
[GameID "728139"]

1. a3 Nf6 2. Nf3 c5 3. g3 Nc6 4. Bg2 e5 5. O-O d5 6. d3 Be7 7. e4 d4 8. a4 h6 9. Nh4 g6 10. Na3 Nh7
11. Nf3 Ng5 12. Nd2 Nh3+ 13. Kh1 h5 14. Ndc4 g5 15. a5 h4 16. g4 Nf4 17. Bxf4 gxf4 18. Bf3 Be6 19. g5 Bxg5 20. Rg1 h3
21. Bg4 Bxc4 22. Nxc4 Bh4 23. Rf1 Qe7 24. c3 Rh6 25. Ra3 Rb8 26. Rb3 Qf8 27. Bf5 Kd8 28. f3 Kc7 29. Rb5 Be7 30. Qa4 Rf6
31. Rg1 Qh8 32. cxd4 Rxf5 33. d5 Nd4 34. exf5 Rg8 35. d6+ Bxd6 36. Rxb7+ Kxb7 37. Nxd6+ Kc7 38. Nb5+ Nxb5 39. Qxb5 Rxg1+ 40. Kxg1 Qg7+
41. Kf2 Qg2+ 42. Ke1 Qg1+ 43. Kd2 Qxh2+ 44. Kc3 Qf2 45. Qe8 Qd4+ 46. Kc2 Qd5 47. Qe7+ Kc8 48. Qxa7 Qb7 49. Qxc5+ Qc7 50. Qxc7+ Kxc7
51. a6 h2 52. a7 Kb7
0-1

[Event "AGAH II"]
[Site "SchemingMind.com"]
[Date "2022.11.08"]
[Round "-"]
[White "Helga1946"]
[Black "Robert Bruce"]
[Result "1/2-1/2"]
[WhiteCountry "GER"]
[BlackCountry "SCO"]
[WhiteElo "2435"]
[WhiteRD "77"]
[BlackElo "2372"]
[BlackRD "70"]
[GameID "728140"]

1. a3 g6 2. e4 Bg7 3. d4 d6 4. Nc3 Nf6 5. f3 a6 6. Be3 b5 7. Qd2 c6 8. g4 h6 9. Nge2 Nbd7 10. h4 Qc7
11. Ng3 c5 12. O-O-O b4 13. axb4 cxb4 14. Nce2 a5 15. Nf4 b3 16. g5 Qxc2+ 17. Qxc2 bxc2 18. Kxc2 hxg5 19. hxg5 Rxh1 20. Nxh1 Nh7
21. Nd5 Rb8 22. Ra1 e5 23. Nf2 exd4 24. Bf4 Be5 25. Bd2 Bg3 26. Nd3 Nb6 27. Nxb6 Rxb6 28. Rxa5 Ba6 29. Be2 Nf8 30. Nc1 Bb7
31. b4 Nd7 32. Nb3 Bf2 33. Rb5 Bc8 34. Rxb6 Nxb6 35. Bb5+ Ke7 36. Kd3 Bh3 37. Ke2 Bg1 38. Bf4 Bg2 39. Nd2 d5 40. Bc6 dxe4
41. fxe4 f5 42. gxf6+ Kxf6 43. Kd3 Ke6 44. Ke2 Ke7 45. Bg5+=
1/2-1/2